Normal view
MARC view
- BOUNDARY VALUE PROBLEMS DIFFERETIAL EQUATIONS
Entry Topical Term
001 - CONTROL NUMBER
- control field: 74425
003 - CONTROL NUMBER IDENTIFIER
- control field: NUST
005 - DATE AND TIME OF LATEST TRANSACTION
- control field: 20210628205217.0
008 - FIXED-LENGTH DATA ELEMENTS
- fixed length control field: 210628|| aca||aabn | a|a d
040 ## - CATALOGING SOURCE
- Original cataloging agency: NUST
- Transcribing agency: NUST
150 ## - HEADING--TOPICAL TERM
- Topical term or geographic name entry element: BOUNDARY VALUE PROBLEMS DIFFERETIAL EQUATIONS
670 ## - SOURCE DATA FOUND
- Source citation: Work cat.: (NUST): Bouyce, William E Diprima, Richard C 74424, Elementary differential equation ad boundry value problems, 1996
